000 00873nam0a22002531 4500
001 rc\3012257
005 20250805160813.4
035 _a(NLR Aleph) 007154717
090 _a7187875
_c7187875
100 _a20110924d1944 |||y0rusy50 ca
101 0 _arus
102 _aRU
105 _aa z |||||
200 1 _aПолуспортивные игры
_fЛ. Былеева
_gНКП РСФСР. Центр. дом худож. воспитания детей
210 _aМосква
_cБ. и.
_d1944
_gТип. Оборонгиза
215 _a8 с.
_cчерт.
_d22 см
700 1 _aБылеева
_bЛ. В.
_f1902-
_gЛюдмила Васильевна
801 0 _aRU
_bNLR
_gpsbo
801 1 _aRU
_bELAR
_2rusmarc
852 _aNLR
_jФк02 Г-6/20
942 _cBOOK
945 _aРоссийская национальная библиотека
980 _aNB
980 _aBV